Statistics for All Harry Styles Songs

Click here to take the quiz!

General Stats

  • This quiz has been taken 3,837 times
    (3,703 since last reset)
  • The average score is 30 of 36

Answer Stats

AlbumSong% Correct
Fine LineFine Line
96%
Harry StylesSign of the Times
95%
Fine LineWatermelon Sugar
95%
Harry's HouseAs It Was
94%
Harry StylesKiwi
93%
Harry's HouseMatilda
92%
Harry's HouseMusic for a Sushi Restaurant
91%
Fine LineGolden
90%
Fine LineAdore You
89%
Fine LineCherry
87%
Harry's HouseDaylight
85%
Fine LineFalling
85%
Harry's HouseBoyfriends
84%
Harry's HouseSatellite
84%
Fine LineShe
84%
Harry's HouseGrapejuice
83%
Harry's HouseLate Night Talking
83%
Harry's HouseLove of My Life
83%
Harry StylesMeet Me in the Hallway
83%
Fine LineSunflower, Vol. 6
83%
Fine LineTreat People with Kindness
83%
Harry StylesTwo Ghosts
83%
Harry StylesCarolina
82%
Harry StylesFrom the Dining Table
82%
Harry's HouseLittle Freak
82%
Harry's HouseCinema
81%
Harry StylesWoman
81%
Harry's HouseDaydreaming
80%
Harry's HouseKeep Driving
80%
Fine LineLights Up
80%
Harry StylesOnly Angel
80%
Fine LineCanyon Moon
79%
Harry StylesEver Since New York
79%
Harry StylesSweet Creature
79%
Fine LineTo Be So Lonely
73%
Spotify SinglesGirl Crush
65%

Score Distribution

Percentile by Number Answered

Percent of People with Each Score

Your Score History

You have not taken this quiz since the last reset